00538nam a2200193 a 450000100060000000300090000600800410001502000150005604000280007108200090009910000230010824500400013126000290017130000090020049000400020965000400024965000230028965000320031220349CO-ViMGA141112s2004 ck r 000 u spa d a8466713220 aCO-ViMGAbspacCO-ViMGA04aMIRe1 aMirande, Jaqueline10aCuentos y Leyendas de la edad media aMadrid : bAnaya, c2002 a136p aTus libros de cuentos y leyendas, 314aAMOR CORTESANO - CUENTOS Y LEYENDAS14aCUENTOS INFANTILES14aEDAD MEDIA EN LA LITERATURA